[Event "British Rapidplay Championship 2023"]
[Site "Mercure Bradford, Bankfield Hotel"]
[Date "2023.04.15"]
[Round "2.8"]
[White "Mokhber-Garcia, Sebastian"]
[Black "Clark, Robert G"]
[Result "1-0"]
[TimeControl "All moves in 15 minutes plus 10 second increment per move from move 1"]
[WhiteElo "1592"]
[BlackElo "2008"]

1. e4 {[%clk 00:15:18]} {[%emt 00:00:02]} e6 {[%clk 00:15:16]} {[%emt
00:00:04]} 2. c4 {[%clk 00:15:25]} {[%emt 00:00:04]} c5 {[%clk 00:15:16]}
{[%emt 00:00:10]} 3. Nc3 {[%clk 00:15:32]} {[%emt 00:00:02]} Nc6 {[%clk
00:15:24]} {[%emt 00:00:02]} 4. Nf3 {[%clk 00:15:37]} {[%emt 00:00:05]} g6
{[%clk 00:14:53]} {[%emt 00:00:41]} 5. d4 {[%clk 00:15:42]} {[%emt 00:00:05]}
cxd4 {[%clk 00:14:46]} {[%emt 00:00:17]} 6. Nxd4 {[%clk 00:15:46]} {[%emt
00:00:06]} a6 {[%clk 00:12:34]} {[%emt 00:02:22]} 7. Bf4 {[%clk 00:15:21]}
{[%emt 00:00:35]} d6 {[%clk 00:10:31]} {[%emt 00:02:13]} 8. Nxc6 {[%clk
00:15:01]} {[%emt 00:00:30]} bxc6 {[%clk 00:10:39]} {[%emt 00:00:02]} 9. e5
{[%clk 00:15:03]} {[%emt 00:00:08]} d5 {[%clk 00:09:55]} {[%emt 00:00:55]} 10.
Qa4 {[%clk 00:15:01]} {[%emt 00:00:12]} Bd7 {[%clk 00:08:38]} {[%emt 00:01:26]}
11. Rd1 {[%clk 00:14:45]} {[%emt 00:00:26]} Bh6 {[%clk 00:08:03]} {[%emt
00:00:45]} 12. cxd5 {[%clk 00:13:55]} {[%emt 00:00:59]} cxd5 {[%clk 00:06:17]}
{[%emt 00:01:57]} 13. Qd4 {[%clk 00:13:58]} {[%emt 00:00:07]} Bxf4 {[%clk
00:05:17]} {[%emt 00:01:10]} 14. Qxf4 {[%clk 00:14:05]} {[%emt 00:00:03]} Ne7
{[%clk 00:05:06]} {[%emt 00:00:21]} 15. Be2 {[%clk 00:13:56]} {[%emt 00:00:19]}
Nf5 {[%clk 00:04:35]} {[%emt 00:00:41]} 16. O-O {[%clk 00:13:33]} {[%emt
00:00:33]} Qh4 {[%clk 00:04:19]} {[%emt 00:00:26]} 17. Qd2 {[%clk 00:13:35]}
{[%emt 00:00:07]} O-O {[%clk 00:03:49]} {[%emt 00:00:40]} 18. g3 {[%clk
00:13:27]} {[%emt 00:00:18]} Qh6 {[%clk 00:03:23]} {[%emt 00:00:37]} 19. f4
{[%clk 00:13:25]} {[%emt 00:00:11]} Rfc8 {[%clk 00:02:52]} {[%emt 00:00:42]} 20.
Rc1 {[%clk 00:13:25]} {[%emt 00:00:09]} Qh3 {[%clk 00:02:42]} {[%emt 00:00:21]}
21. Bf3 {[%emt 00:01:25]} Rc4 {[%clk 00:01:45]} 22. Nxd5 {[%clk 00:12:30]}
{[%emt 00:00:57]} exd5 {[%clk 00:01:26]} {[%emt 00:00:29]} 23. Rxc4 {[%clk
00:12:26]} {[%emt 00:00:13]} Bb5 {[%clk 00:00:55]} {[%emt 00:00:42]} 24. Bg2
{[%clk 00:11:12]} {[%emt 00:01:23]} Qg4 {[%clk 00:00:44]} {[%emt 00:00:22]} 25.
Qxd5 {[%clk 00:11:01]} {[%emt 00:00:20]} Rf8 {[%clk 00:00:33]} {[%emt
00:00:22]} 26. Rc3 {[%clk 00:10:29]} {[%emt 00:00:42]} Bxf1 {[%clk 00:00:34]}
{[%emt 00:00:10]} 27. Bxf1 {[%clk 00:10:32]} {[%emt 00:00:05]} Ne7 {[%clk
00:00:28]} {[%emt 00:00:17]} 28. Qf3 {[%clk 00:10:38]} {[%emt 00:00:04]} Qe6
{[%clk 00:00:30]} {[%emt 00:00:08]} 29. a3 {[%clk 00:10:41]} {[%emt 00:00:08]}
Qb6+ {[%clk 00:00:38]} {[%emt 00:00:01]} 30. Qf2 {[%clk 00:10:49]} {[%emt
00:00:02]} Qb7 {[%clk 00:00:24]} {[%emt 00:00:25]} 31. b4 {[%clk 00:10:46]}
{[%emt 00:00:12]} Rd8 {[%clk 00:00:31]} {[%emt 00:00:04]} 32. Qf3 {[%clk
00:10:48]} {[%emt 00:00:07]} Qb6+ {[%clk 00:00:34]} {[%emt 00:00:07]} 33. Qe3
{[%clk 00:10:55]} {[%emt 00:00:02]} Qb7 {[%clk 00:00:35]} {[%emt 00:00:10]} 34.
Rd3 {[%clk 00:10:59]} {[%emt 00:00:05]} Rc8 {[%clk 00:00:32]} {[%emt 00:00:13]}
35. e6 {[%clk 00:10:49]} {[%emt 00:00:21]} Nf5 {[%clk 00:00:31]} {[%emt
00:00:12]} 36. exf7+ {[%clk 00:10:44]} {[%emt 00:00:14]} Qxf7 {[%clk 00:00:38]}
{[%emt 00:00:02]} 37. Qd2 {[%clk 00:10:37]} {[%emt 00:00:17]} Qa7+ {[%clk
00:00:43]} {[%emt 00:00:06]} 38. Qf2 {[%clk 00:10:45]} {[%emt 00:00:02]} Qc7
{[%clk 00:00:47]} {[%emt 00:00:06]} 39. Rd1 {[%clk 00:10:48]} {[%emt 00:00:07]}
Qc3 {[%clk 00:00:41]} {[%emt 00:00:17]} 40. Rd3 {[%clk 00:10:34]} {[%emt
00:00:23]} Qc1 {[%clk 00:00:43]} {[%emt 00:00:08]} 41. Qd2 {[%clk 00:10:34]}
{[%emt 00:00:10]} Qc7 {[%clk 00:00:26]} {[%emt 00:00:27]} 42. Rd7 {[%clk
00:10:29]} {[%emt 00:00:15]} Qb6+ {[%clk 00:00:35]} {[%emt 00:00:02]} 43. Qf2
{[%clk 00:10:34]} {[%emt 00:00:04]} Qc6 {[%clk 00:00:36]} {[%emt 00:00:09]} 44.
Ra7 {[%clk 00:10:19]} {[%emt 00:00:25]} Ra8 {[%clk 00:00:25]} {[%emt 00:00:21]}
45. Rxa8+ {[%clk 00:10:21]} {[%emt 00:00:08]} Qxa8 {[%clk 00:00:34]} {[%emt
00:00:01]} 46. Qa2+ {[%clk 00:10:26]} {[%emt 00:00:05]} Kg7 {[%clk 00:00:33]}
{[%emt 00:00:11]} 47. Qb2+ {[%clk 00:10:33]} {[%emt 00:00:03]} Kh6 {[%clk
00:00:29]} {[%emt 00:00:14]} 48. Qe2 {[%clk 00:10:14]} {[%emt 00:00:29]} Nd4
{[%clk 00:00:26]} {[%emt 00:00:13]} 49. Qg2 {[%clk 00:09:50]} {[%emt 00:00:33]}
Qe8 {[%clk 00:00:23]} {[%emt 00:00:14]} 50. Qf2 {[%clk 00:09:32]} {[%emt
00:00:28]} Nf5 {[%clk 00:00:28]} {[%emt 00:00:05]} 51. g4 {[%clk 00:09:38]}
{[%emt 00:00:04]} Ne3 {[%clk 00:00:22]} {[%emt 00:00:16]} 52. g5+ {[%clk
00:09:40]} {[%emt 00:00:08]} Kg7 {[%clk 00:00:19]} {[%emt 00:00:13]} 53. Qb2+
{[%clk 00:09:48]} {[%emt 00:00:03]} Kg8 {[%clk 00:00:16]} {[%emt 00:00:12]} 54.
Qe5 {[%clk 00:09:39]} {[%emt 00:00:19]} Qxe5 {[%clk 00:00:22]} {[%emt
00:00:04]} 55. fxe5 {[%clk 00:09:46]} {[%emt 00:00:02]} Kf7 {[%clk 00:00:30]}
{[%emt 00:00:03]} 56. Bxa6 {[%clk 00:09:54]} {[%emt 00:00:03]} Nc2 {[%clk
00:00:35]} {[%emt 00:00:04]} 57. b5 {[%clk 00:09:56]} {[%emt 00:00:08]} Ke7
{[%clk 00:00:25]} {[%emt 00:00:21]} 58. b6 {[%clk 00:10:04]} {[%emt 00:00:02]}
Kd7 {[%clk 00:00:32]} {[%emt 00:00:01]} 59. e6+ {[%clk 00:10:09]} {[%emt
00:00:06]} 1-0

[Event "British Rapidplay Championship 2023"]
[Site "Mercure Bradford, Bankfield Hotel"]
[Date "2023.04.15"]
[Round "2.9"]
[White "Mata, Andrew B"]
[Black "Vijayakumar, Rishi"]
[Result "0-1"]
[TimeControl "All moves in 15 minutes plus 10 second increment per move from move 1"]
[WhiteElo "1912"]
[BlackElo "1770"]

1. Nf3 {[%clk 00:15:17]} {[%emt 00:00:02]} d5 {[%clk 00:15:19]} {[%emt
00:00:01]} 2. e3 {[%clk 00:15:21]} {[%emt 00:00:06]} Nf6 {[%clk 00:15:28]}
{[%emt 00:00:02]} 3. c4 {[%clk 00:15:26]} {[%emt 00:00:05]} e6 {[%clk
00:15:36]} {[%emt 00:00:01]} 4. Nc3 {[%clk 00:15:24]} {[%emt 00:00:12]} c5
{[%clk 00:15:06]} {[%emt 00:00:41]} 5. d4 {[%clk 00:14:44]} {[%emt 00:00:49]}
cxd4 {[%clk 00:15:09]} {[%emt 00:00:07]} 6. exd4 {[%clk 00:13:49]} {[%emt
00:01:05]} Nc6 {[%clk 00:15:11]} {[%emt 00:00:08]} 7. Bg5 {[%clk 00:10:38]}
{[%emt 00:03:21]} Bb4 {[%clk 00:15:16]} {[%emt 00:00:06]} 8. a3 {[%clk
00:10:34]} {[%emt 00:00:14]} Bxc3+ {[%clk 00:15:10]} {[%emt 00:00:15]} 9. bxc3
{[%clk 00:10:42]} {[%emt 00:00:02]} Qa5 {[%emt 00:00:06]} 10. Bd2 {[%emt
00:01:25]} O-O {[%clk 00:13:04]} {[%emt 00:00:45]} 11. Qc2 {[%clk 00:10:35]}
{[%emt 00:00:16]} Re8 {[%clk 00:12:00]} {[%emt 00:01:15]} 12. Be2 {[%clk
00:09:55]} {[%emt 00:00:51]} e5 {[%clk 00:11:02]} {[%emt 00:01:07]} 13. cxd5
{[%clk 00:08:22]} {[%emt 00:01:42]} Qxd5 {[%clk 00:11:01]} {[%emt 00:00:13]} 14.
c4 {[%clk 00:08:07]} {[%emt 00:00:25]} Nxd4 {[%clk 00:11:04]} {[%emt 00:00:07]}
15. Nxd4 {[%clk 00:08:00]} {[%emt 00:00:16]} Qxd4 {[%clk 00:11:04]} {[%emt
00:00:10]} 16. O-O {[%clk 00:07:25]} {[%emt 00:00:46]} Bf5 {[%clk 00:10:08]}
{[%emt 00:01:05]} 17. Qc3 {[%clk 00:06:00]} {[%emt 00:01:36]} Ne4 {[%clk
00:09:26]} {[%emt 00:00:51]} 18. Qxd4 {[%clk 00:05:52]} {[%emt 00:00:19]} exd4
{[%clk 00:09:35]} 19. Bf4 {[%clk 00:05:52]} {[%emt 00:00:09]} g5 {[%clk
00:08:03]} {[%emt 00:01:43]} 20. Bg3 {[%clk 00:05:07]} {[%emt 00:00:55]} Rad8
{[%clk 00:07:04]} {[%emt 00:01:09]} 21. Bf3 {[%clk 00:05:01]} {[%emt 00:00:16]}
Nd2 {[%clk 00:07:00]} {[%emt 00:00:14]} 22. Rfd1 {[%clk 00:04:58]} {[%emt
00:00:13]} Nxf3+ {[%clk 00:06:56]} {[%emt 00:00:13]} 23. gxf3 {[%clk 00:05:07]}
{[%emt 00:00:02]} Re2 {[%clk 00:06:33]} {[%emt 00:00:33]} 24. Bc7 {[%clk
00:05:06]} {[%emt 00:00:10]} Rd7 {[%clk 00:06:33]} {[%emt 00:00:10]} 25. Ba5
{[%clk 00:05:15]} {[%emt 00:00:02]} d3 {[%clk 00:06:38]} {[%emt 00:00:05]} 26.
Rd2 {[%clk 00:05:13]} {[%emt 00:00:11]} Rde7 {[%clk 00:06:29]} {[%emt
00:00:20]} 27. Kg2 {[%clk 00:04:41]} {[%emt 00:00:42]} h5 {[%clk 00:06:00]}
{[%emt 00:00:37]} 28. Rad1 {[%clk 00:04:35]} {[%emt 00:00:17]} R7e5 {[%clk
00:05:30]} {[%emt 00:00:40]} 29. Bd8 {[%clk 00:04:17]} {[%emt 00:00:29]} Bg6
{[%clk 00:05:18]} {[%emt 00:00:21]} 30. Bc7 {[%clk 00:03:53]} {[%emt 00:00:34]}
Rc5 {[%clk 00:05:22]} {[%emt 00:00:07]} 31. Bb8 {[%clk 00:03:41]} {[%emt
00:00:22]} a6 {[%clk 00:05:04]} {[%emt 00:00:28]} 32. Kf1 {[%clk 00:03:35]}
{[%emt 00:00:15]} Rxd2 {[%clk 00:05:11]} {[%emt 00:00:03]} 33. Rxd2 {[%clk
00:03:43]} {[%emt 00:00:02]} Rxc4 {[%clk 00:05:19]} {[%emt 00:00:02]} 34. Ke1
{[%clk 00:03:10]} {[%emt 00:00:43]} f6 {[%clk 00:04:56]} {[%emt 00:00:34]} 35.
Kd1 {[%clk 00:03:17]} {[%emt 00:00:02]} b5 {[%clk 00:05:03]} {[%emt 00:00:03]}
36. Bd6 {[%clk 00:03:06]} {[%emt 00:00:22]} Kf7 {[%clk 00:05:09]} {[%emt
00:00:04]} 37. Bb4 {[%clk 00:02:43]} {[%emt 00:00:33]} Ke6 {[%clk 00:05:13]}
{[%emt 00:00:06]} 38. Ke1 {[%clk 00:02:41]} {[%emt 00:00:12]} Ke5 {[%clk
00:05:13]} {[%emt 00:00:10]} 39. Kf1 {[%clk 00:02:47]} {[%emt 00:00:03]} Kd4
{[%clk 00:04:55]} {[%emt 00:00:28]} 40. Ke1 {[%clk 00:02:32]} {[%emt 00:00:26]}
Bf5 {[%clk 00:04:03]} {[%emt 00:01:02]} 41. Ba5 {[%clk 00:02:03]} {[%emt
00:00:39]} Rc6 {[%clk 00:03:44]} {[%emt 00:00:28]} 42. Bb4 {[%clk 00:02:01]}
{[%emt 00:00:13]} Bh3 {[%clk 00:03:20]} {[%emt 00:00:33]} 43. Ba5 {[%clk
00:01:51]} {[%emt 00:00:20]} Bg2 {[%clk 00:03:21]} {[%emt 00:00:09]} 44. f4
{[%clk 00:01:52]} {[%emt 00:00:09]} Bf3 {[%clk 00:03:05]} {[%emt 00:00:27]} 0-1

[Event "British Rapidplay Championship 2023"]
[Site "Mercure Bradford, Bankfield Hotel"]
[Date "2023.04.15"]
[Round "2.10"]
[White "Mikalajunas, Kajus"]
[Black "Ezzo, Talal"]
[Result "1-0"]
[TimeControl "All moves in 15 minutes plus 10 second increment per move from move 1"]
[WhiteElo "2027"]
[BlackElo "1637"]

1. e4 {[%clk 00:15:17]} {[%emt 00:00:03]} e6 {[%clk 00:15:19]} {[%emt
00:00:02]} 2. d4 {[%clk 00:15:25]} {[%emt 00:00:02]} d5 {[%clk 00:15:27]}
{[%emt 00:00:02]} 3. exd5 {[%clk 00:15:32]} {[%emt 00:00:02]} exd5 {[%clk
00:15:35]} {[%emt 00:00:02]} 4. Bd3 {[%clk 00:15:40]} {[%emt 00:00:02]} Bd6
{[%clk 00:15:43]} {[%emt 00:00:03]} 5. Nf3 {[%clk 00:15:47]} {[%emt 00:00:02]}
Nf6 {[%clk 00:15:51]} {[%emt 00:00:03]} 6. O-O {[%clk 00:15:53]} {[%emt
00:00:04]} h6 {[%clk 00:15:58]} {[%emt 00:00:03]} 7. Re1+ {[%clk 00:15:58]}
{[%emt 00:00:05]} Be6 {[%clk 00:16:06]} {[%emt 00:00:02]} 8. Nbd2 {[%clk
00:16:04]} {[%emt 00:00:03]} Nbd7 {[%clk 00:16:11]} {[%emt 00:00:06]} 9. Nf1
{[%clk 00:16:10]} {[%emt 00:00:03]} c6 {[%clk 00:16:19]} {[%emt 00:00:03]} 10.
Bf5 {[%clk 00:15:31]} {[%emt 00:00:48]} Qe7 {[%clk 00:14:31]} {[%emt 00:01:58]}
11. Bxe6 {[%clk 00:15:32]} {[%emt 00:00:09]} fxe6 {[%clk 00:14:39]} {[%emt
00:00:03]} 12. Nh4 {[%clk 00:14:47]} {[%emt 00:00:53]} Nf8 {[%clk 00:13:14]}
{[%emt 00:01:37]} 13. Ng3 {[%clk 00:13:29]} {[%emt 00:01:27]} O-O-O {[%clk
00:11:52]} {[%emt 00:01:32]} 14. Nhf5 {[%clk 00:13:19]} {[%emt 00:00:19]} Qd7
{[%clk 00:11:50]} {[%emt 00:00:13]} 15. Nxd6+ {[%clk 00:13:18]} {[%emt
00:00:11]} Qxd6 {[%clk 00:11:59]} {[%emt 00:00:02]} 16. c3 {[%clk 00:12:32]}
{[%emt 00:00:56]} Re8 {[%clk 00:11:31]} {[%emt 00:00:38]} 17. Qa4 {[%clk
00:12:19]} {[%emt 00:00:23]} Kb8 {[%clk 00:10:36]} {[%emt 00:01:05]} 18. Ne2
{[%clk 00:09:46]} {[%emt 00:02:42]} g5 {[%clk 00:10:13]} {[%emt 00:00:33]} 19.
g3 {[%clk 00:09:05]} {[%emt 00:00:51]} N8d7 {[%clk 00:09:32]} {[%emt 00:00:52]}
20. b3 {[%clk 00:07:21]} {[%emt 00:01:54]} Nb6 {[%clk 00:08:13]} {[%emt
00:01:29]} 21. Ba3 {[%clk 00:07:22]} {[%emt 00:00:09]} Qc7 {[%clk 00:07:30]}
{[%emt 00:00:53]} 22. Qb4 {[%clk 00:06:57]} {[%emt 00:00:35]} Ne4 {[%clk
00:07:02]} {[%emt 00:00:37]} 23. f3 {[%clk 00:06:32]} {[%emt 00:00:35]} Nf6
{[%clk 00:06:43]} {[%emt 00:00:30]} 24. c4 {[%clk 00:06:19]} {[%emt 00:00:22]}
h5 {[%clk 00:05:52]} {[%emt 00:01:02]} 25. c5 {[%clk 00:05:59]} {[%emt
00:00:29]} Nbd7 {[%clk 00:05:48]} {[%emt 00:00:15]} 26. Bc1 {[%clk 00:06:00]}
{[%emt 00:00:08]} g4 {[%clk 00:05:36]} {[%emt 00:00:22]} 27. Bf4 {[%clk
00:06:01]} {[%emt 00:00:10]} e5 {[%clk 00:05:45]} {[%emt 00:00:02]} 28. dxe5
{[%clk 00:06:09]} {[%emt 00:00:01]} Nxe5 {[%clk 00:05:52]} {[%emt 00:00:02]} 29.
Nd4 {[%clk 00:05:48]} {[%emt 00:00:32]} Ka8 {[%clk 00:05:35]} {[%emt 00:00:27]}
30. Re3 {[%clk 00:04:58]} {[%emt 00:01:00]} Nfd7 {[%clk 00:04:07]} {[%emt
00:01:39]} 31. Rae1 {[%clk 00:05:02]} {[%emt 00:00:05]} Re7 {[%clk 00:03:37]}
{[%emt 00:00:40]} 32. fxg4 {[%clk 00:04:20]} {[%emt 00:00:52]} hxg4 {[%clk
00:03:41]} {[%emt 00:00:06]} 33. Nf5 {[%clk 00:03:58]} {[%emt 00:00:32]} Re6
{[%clk 00:03:10]} {[%emt 00:00:41]} 34. Kg2 {[%clk 00:03:30]} {[%emt 00:00:38]}
Rf8 {[%clk 00:02:34]} {[%emt 00:00:47]} 35. Nd4 {[%clk 00:03:25]} {[%emt
00:00:14]} Ree8 {[%clk 00:01:53]} {[%emt 00:00:51]} 36. R1e2 {[%clk 00:03:20]}
{[%emt 00:00:14]} Re7 {[%clk 00:01:02]} {[%emt 00:01:02]} 37. Qe1 {[%clk
00:03:06]} {[%emt 00:00:24]} Rfe8 {[%clk 00:01:07]} {[%emt 00:00:04]} 38. Nf5
{[%clk 00:03:07]} {[%emt 00:00:10]} d4 {[%clk 00:00:37]} {[%emt 00:00:40]} 39.
Nxd4 {[%clk 00:02:15]} {[%emt 00:01:01]} a5 {[%clk 00:00:15]} {[%emt 00:00:33]}
40. Nf5 {[%clk 00:02:21]} {[%emt 00:00:04]} Rh7 {[%clk 00:00:00]} {[%emt
00:00:16]} 1-0

[Event "British Rapidplay Championship 2023"]
[Site "Mercure Bradford, Bankfield Hotel"]
[Date "2023.04.15"]
[Round "2.11"]
[White "Mitchell, Ian"]
[Black "Holliday, John K"]
[Result "0-1"]
[TimeControl "All moves in 15 minutes plus 10 second increment per move from move 1"]
[WhiteElo "1628"]
[BlackElo "1832"]

1. d4 {[%clk 00:15:18]} {[%emt 00:00:01]} Nf6 {[%clk 00:15:17]} {[%emt
00:00:03]} 2. c4 {[%clk 00:15:27]} {[%emt 00:00:01]} g6 {[%clk 00:15:25]}
{[%emt 00:00:03]} 3. Nc3 {[%clk 00:15:31]} {[%emt 00:00:05]} Bg7 {[%clk
00:15:33]} {[%emt 00:00:02]} 4. e3 {[%clk 00:15:39]} {[%emt 00:00:03]} d6
{[%clk 00:15:41]} {[%emt 00:00:02]} 5. Nf3 {[%clk 00:15:35]} {[%emt 00:00:14]}
O-O {[%clk 00:15:47]} {[%emt 00:00:04]} 6. Bd3 {[%clk 00:15:36]} {[%emt
00:00:08]} a6 {[%clk 00:15:40]} {[%emt 00:00:17]} 7. O-O {[%clk 00:15:42]}
{[%emt 00:00:04]} Nbd7 {[%clk 00:15:26]} {[%emt 00:00:25]} 8. a3 {[%clk
00:15:31]} {[%emt 00:00:21]} c6 {[%clk 00:15:14]} {[%emt 00:00:22]} 9. Bd2
{[%clk 00:15:11]} {[%emt 00:00:29]} b5 {[%clk 00:15:09]} {[%emt 00:00:16]} 10.
cxb5 {[%clk 00:14:59]} {[%emt 00:00:22]} cxb5 {[%clk 00:15:17]} {[%emt
00:00:02]} 11. b4 {[%clk 00:14:28]} {[%emt 00:00:41]} Bb7 {[%clk 00:15:24]}
{[%emt 00:00:03]} 12. Be2 {[%clk 00:14:04]} {[%emt 00:00:33]} e5 {[%clk
00:14:53]} {[%emt 00:00:42]} 13. dxe5 {[%clk 00:13:56]} {[%emt 00:00:18]} dxe5
{[%clk 00:15:01]} {[%emt 00:00:02]} 14. Ne1 {[%clk 00:12:48]} {[%emt 00:01:18]}
e4 {[%clk 00:14:27]} {[%emt 00:00:45]} 15. f4 {[%clk 00:12:13]} {[%emt
00:00:43]} Nd5 {[%clk 00:13:32]} {[%emt 00:01:06]} 16. Rc1 {[%clk 00:11:54]}
{[%emt 00:00:28]} Rc8 {[%clk 00:12:13]} {[%emt 00:01:30]} 17. Nxd5 {[%clk
00:11:43]} {[%emt 00:00:20]} Bxd5 {[%clk 00:12:19]} {[%emt 00:00:04]} 18. Rxc8
{[%clk 00:11:43]} {[%emt 00:00:11]} Qxc8 {[%clk 00:12:28]} {[%emt 00:00:02]} 19.
f5 {[%clk 00:10:02]} {[%emt 00:01:50]} gxf5 {[%clk 00:10:24]} {[%emt 00:02:14]}
20. Rxf5 {[%clk 00:10:09]} {[%emt 00:00:02]} Nf6 {[%clk 00:10:32]} {[%emt
00:00:03]} 21. Qc2 {[%clk 00:07:33]} {[%emt 00:02:46]} Qxf5 {[%clk 00:10:36]}
{[%emt 00:00:06]} 0-1

[Event "British Rapidplay Championship 2023"]
[Site "Mercure Bradford, Bankfield Hotel"]
[Date "2023.04.15"]
[Round "2.13"]
[White "McLean, Rory R"]
[Black "Holi, Siefaldin A"]
[Result "0-1"]
[TimeControl "All moves in 15 minutes plus 10 second increment per move from move 1"]
[WhiteElo "1626"]
[BlackElo "1644"]

1. d4 {[%clk 00:15:17]} {[%emt 00:00:03]} d5 {[%clk 00:15:16]} {[%emt
00:00:04]} 2. c4 {[%clk 00:15:19]} {[%emt 00:00:07]} Nf6 {[%clk 00:15:09]}
{[%emt 00:00:17]} 3. cxd5 {[%clk 00:15:21]} {[%emt 00:00:09]} Qxd5 {[%clk
00:15:02]} {[%emt 00:00:16]} 4. Nc3 {[%clk 00:15:23]} {[%emt 00:00:08]} Qa5
{[%clk 00:15:09]} {[%emt 00:00:03]} 5. Bd2 {[%clk 00:15:13]} {[%emt 00:00:20]}
c6 {[%clk 00:15:14]} {[%emt 00:00:05]} 6. e4 {[%clk 00:15:02]} {[%emt
00:00:20]} e6 {[%clk 00:15:00]} {[%emt 00:00:25]} 7. Nf3 {[%clk 00:14:20]}
{[%emt 00:00:52]} Be7 {[%clk 00:14:33]} {[%emt 00:00:37]} 8. Bd3 {[%clk
00:13:48]} {[%emt 00:00:41]} Nbd7 {[%clk 00:14:28]} {[%emt 00:00:16]} 9. O-O
{[%clk 00:13:38]} {[%emt 00:00:20]} Qc7 {[%clk 00:14:25]} {[%emt 00:00:13]} 10.
Rc1 {[%clk 00:13:13]} {[%emt 00:00:34]} O-O {[%clk 00:14:13]} {[%emt 00:00:23]}
11. Bg5 {[%clk 00:11:29]} {[%emt 00:01:53]} h6 {[%clk 00:14:22]} {[%emt
00:00:03]} 12. Bh4 {[%clk 00:11:24]} {[%emt 00:00:14]} g5 {[%clk 00:14:32]} 13.
Bg3 {[%clk 00:08:55]} {[%emt 00:02:40]} Qd8 {[%clk 00:14:40]} {[%emt 00:00:01]}
14. e5 {[%clk 00:08:42]} {[%emt 00:00:23]} Nh5 {[%clk 00:14:38]} {[%emt
00:00:12]} 15. Nxg5 {[%clk 00:07:36]} {[%emt 00:01:17]} Nxg3 {[%clk 00:13:55]}
{[%emt 00:00:52]} 16. fxg3 {[%clk 00:05:10]} {[%emt 00:02:37]} Bxg5 {[%clk
00:13:54]} {[%emt 00:00:11]} 17. Qg4 {[%clk 00:05:10]} {[%emt 00:00:09]} f5
{[%clk 00:09:02]} {[%emt 00:05:01]} 18. exf6 {[%clk 00:02:38]} {[%emt
00:02:44]} Nxf6 {[%clk 00:09:01]} {[%emt 00:00:10]} 19. Rxf6 {[%clk 00:02:28]}
{[%emt 00:00:21]} Rxf6 {[%clk 00:07:38]} {[%emt 00:01:32]} 20. h4 {[%clk
00:02:29]} {[%emt 00:00:09]} e5 {[%clk 00:07:31]} {[%emt 00:00:17]} 21. Qe4
{[%clk 00:01:30]} {[%emt 00:01:09]} Bf5 {[%clk 00:06:23]} {[%emt 00:01:19]} 22.
Bc4+ {[%clk 00:01:06]} {[%emt 00:00:34]} Kg7 {[%clk 00:06:04]} {[%emt
00:00:29]} 23. Qxe5 {[%clk 00:01:12]} {[%emt 00:00:04]} Bxc1 {[%clk 00:06:01]}
{[%emt 00:00:13]} 24. g4 {[%clk 00:01:09]} {[%emt 00:00:13]} Bxg4 {[%clk
00:05:02]} {[%emt 00:01:09]} 25. Ne4 {[%clk 00:01:11]} {[%emt 00:00:07]} Be3+
{[%clk 00:05:02]} {[%emt 00:00:11]} 26. Kh1 {[%clk 00:01:11]} {[%emt 00:00:09]}
Bxd4 {[%clk 00:04:41]} {[%emt 00:00:31]} 27. Qg3 {[%clk 00:01:13]} {[%emt
00:00:07]} h5 {[%clk 00:04:14]} {[%emt 00:00:38]} 28. Ng5 {[%clk 00:00:59]}
{[%emt 00:00:24]} Qd6 {[%clk 00:03:59]} {[%emt 00:00:21]} 29. Qe1 {[%clk
00:00:45]} {[%emt 00:00:27]} Be5 {[%clk 00:03:52]} {[%emt 00:00:18]} 30. Qb1
{[%clk 00:00:43]} {[%emt 00:00:12]} Qd1+ {[%clk 00:04:00]} {[%emt 00:00:03]} 31.
Qxd1 {[%clk 00:00:46]} {[%emt 00:00:06]} Bxd1 {[%clk 00:04:09]} 32. g4 {[%clk
00:00:50]} {[%emt 00:00:07]} Bxg4 {[%clk 00:04:10]} {[%emt 00:00:08]} 33. Kg2
{[%clk 00:01:00]} Rd8 {[%clk 00:04:12]} {[%emt 00:00:10]} 34. b3 {[%clk
00:00:55]} {[%emt 00:00:15]} Rd2+ {[%clk 00:04:19]} {[%emt 00:00:03]} 0-1